| 000 | 01408cam a22003853a 4500 | ||
|---|---|---|---|
| 001 | 16398180 | ||
| 003 | OSt | ||
| 005 | 20140310182253.0 | ||
| 008 | 960124s1996 nyu 000 1 eng d | ||
| 010 | _a 97815889 | ||
| 015 | _aGB96-56727 | ||
| 020 |
_a0671551655 : _c$5.99 ($7.99 Can.) |
||
| 035 | _a(OCoLC)ocm34074956 | ||
| 040 |
_aJED _cJED _dSVP _dSLC _dUKM _dOCL _dOCLCQ _dDLC |
||
| 050 | 0 | 0 |
_aPZ 7 _b.Sm642 1996 |
| 082 | 0 | 4 |
_aFIC _bSm5st 1996 |
| 100 | 1 |
_aSmith, Dean Wesley. _917797 |
|
| 245 | 1 | 4 |
_aThe long night / _cWesley Smith and Kristine Kathryn Rusch. |
| 260 |
_aNew York : _bPocket Books, _cc1996. |
||
| 300 |
_a274 p. : _c18 cm. |
||
| 490 | 1 |
_aStar trek, deep space nine ; _v#14 |
|
| 630 | 0 | 0 |
_aStar trek, Deep Space Nine (Television program) _vFiction. _920130 |
| 650 | 0 |
_aInterplanetary voyages _vFiction. _920131 |
|
| 653 | 0 | _aEnglish fiction. | |
| 653 | 0 | _aUnited States. | |
| 655 | 7 |
_aScience fiction. _2gsafd _91889 |
|
| 700 | 1 |
_aRusch, Kristine Kathryn. _920132 |
|
| 710 | 2 |
_aCopyright Paperback Collection (Library of Congress) _5DLC _9705 |
|
| 730 | 0 |
_aStar trek, Deep Space Nine (Television program) _920133 |
|
| 830 | 0 |
_aStar trek, deep space nine (Series) ; _v#14. _920134 |
|
| 856 | 4 | 2 |
_3Publisher description _uhttp://www.loc.gov/catdir/enhancements/fy1105/97815889-d.html |
| 906 |
_a7 _bcbc _ccopycat _d2 _encip _f19 _gy-genrareb |
||
| 942 |
_2lcc _cBK-FIC |
||
| 999 |
_c11404 _d11404 |
||